V atelieri majstra Buznu

Biografický článok o akad. maliarovi A. Buznovi, pôsobiacom v Piešťanoch.

Bibliographic Details
Main Author: Lukáč, Michal (Author)
Format: Article
Language:Slovak
Subjects:

MARC

LEADER 00000nab a22000001a 4500
001 vtls008997146
003 SK-MaSNL
005 20260303065759.0
008 070607d19330813xo |r|p|||| |000 b|slo
015 |a SNBRRBVU1918-1938 
038 |a SNKBUCL 
038 |a SNKBUVU 
040 |a SNKBUVU  |b slo  |c SNKBUCL  |e AACR2 
041 0 |a slo 
044 |a xo  |c SK 
080 |a 75.071.1  |2 1997 
080 |a 929 Buzna, Alexander  |2 1997 
100 1 |a Lukáč, Michal  |4 aut  |9 272198 
245 1 0 |a V atelieri majstra Buznu  |c [autor] Jaroslav Chvoj 
500 |a V prílohe Nedeľná beseda 
500 |a Autor článku dešifrovaný podľa: Kormúth, Dezider: Slovník slovenských pseudonymov 1919 - 1944. Martin, Matica slovenská 1974 
520 |a Biografický článok o akad. maliarovi A. Buznovi, pôsobiacom v Piešťanoch. 
600 1 7 |a Buzna, Alexander,  |d 1868-1945  |2 MM  |9 185561 
655 7 |a profily  |2 MM  |9 341977 
773 0 |t Slovenský denník  |g Roč. 16, č. 183 (13.8.1933), s. 11 
852 |a SNK  |b KIS3GCP 
910 |a snkrbvumm 
958 |a VY 
958 |a BX 
999 |c 1752667  |d 1754597